书目信息 |
| 题名: |
高等数学解题常见错误剖析
|
|
| 作者: | 肖亚兰 编著 | |
| 分册: | ||
| 出版信息: | 上海 同济大学出版社 2000.05 |
|
| 页数: | 187页 | |
| 开本: | 32开 | |
| 丛书名: | ||
| 单 册: | ||
| 中图分类: | O13-43 | |
| 科图分类: | ||
| 主题词: | 高等数学 | |
| 电子资源: | ||
| ISBN: | 7-5608-2141-3 | |
| 000 | 00588nam0 2200193 45 | |
| 001 | 0009161831 | |
| 005 | 20000928050908.3 | |
| 010 | @a7-5608-2141-3@d10.00元 | |
| 100 | @a20000916d2000 km y0chiy0120 ea | |
| 101 | 0 | @achi |
| 105 | @a z 000yy | |
| 200 | 1 | @a高等数学解题常见错误剖析@AGao Deng Shu Xue Jie Ti Chang Jian Cuo Wu Pou Xi@f肖亚兰等编著@FXiao Ya Lan Deng Bian Zhu |
| 210 | @a上海@c同济大学出版社@d2000.05 | |
| 215 | @a187页@d32开 | |
| 606 | 0 | @a高等数学 |
| 690 | @aO13-43@v3 | |
| 701 | 0 | @a肖亚兰@4编著 |
| 801 | @aCN@bPftUser@c20000916 | |
| 905 | @dO13-43@eX440@b403749-753@f5 | |
| 高等数学解题常见错误剖析/肖亚兰等编著.-上海:同济大学出版社,2000.05 |
| 187页;32开 |
| ISBN 7-5608-2141-3:10.00元 |
| ● |
| 相关链接 |
|
|
|
正题名:高等数学解题常见错误剖析
索取号:O13-43/X440
 
预约/预借
| 序号 | 登录号 | 条形码 | 馆藏地/架位号 | 状态 | 备注 |
| 1 | 403749 | 204037498 | 自科库401/401自科库 108排6列6层/ [索取号:O13-43/X440] | 在馆 | |
| 2 | 403750 | 204037504 | 自科二线504/504自科库 48排6列6层/ [索取号:O13-43/X440] | 在馆 | |
| 3 | 403751 | 204037513 | 自科库401/401自科库 108排6列6层/ [索取号:O13-43/X440] | 在馆 | |
| 4 | 403752 | 204037522 | 自科库401/401自科库 108排6列6层/ [索取号:O13-43/X440] | 在馆 | |
| 5 | 403753 | 204037531 | 自科二线504/504自科库 48排6列6层/ [索取号:O13-43/X440] | 在馆 |